000 00689nam a2200289Ia 4500
005 20260324145944.0
008 008 260324s9999 xx 000 0 eng d
020 _a9780203780978
037 _aEBOOK
040 _aCRL
040 _beng
040 _cCRL
041 _2eng
041 _aeng
084 _qCRL
100 _aJ. H. Harvey; W. J. Ickes; R. F. Kidd
_91224769
245 0 _aNew Directions in Attribution Research
245 0 _bVolume 2
260 _bTaylor and Francis
260 _c1976
365 _a
365 _b220
856 _uhttp://www.taylorfrancis.com/books/9780203780978
942 _cEBOOK
999 _c1833415
_d1833415